000 00642nam a2200241Ia 4500
003 OSt
005 20221006144620.0
006 a|||||r|||| 00| 0
007 ta
008 221006b |||||||| |||| 00| 0 eng d
020 _c202.50
024 _a12,132
037 _cTextual
040 _aEASL
_cEASL
_beng
041 _2eng
_aeng
082 _aV41y7M74, L8
100 _aWou Odoric Y K
_9414877
245 0 _aMilitraism in modern China
_b Career of wu p'ei-fu 1916-39
260 _aUSA
_bDawson
_c1978
300 _a350p.
_ccm.
942 _hV41y7M74, L8
_cTEXL
_2CC
999 _c1080218
_d1080218